00628nam a22001937a 4500003000500000005001700005008004100022010001000063011001000073035001100083040000900094110005100103245007000154260006600224300002800290650003000318650003500348650005100383CHAP20220329143313.0080415c mx a r 00110 spa d a94704 a95676 a106305 cCHAP0 aMéxico. Dirección Forestal de Caza y Pesca10aDesierto de los Leonesc/por Dirección Forestal de Caza y Pesca aMéxico, D.F. :bDirección Forestal de Caza y Pesca,c1922 a74 p. :bilus. ; planos14aBosqueszMéxico (Edo.).14aDesierto de Los Leones, Méx.14aParque Nacional Desierto de los Leones, Méx.